Państwa, które kończą się na "ja" - Statystyki

Ogólne statystyki
  • Ten quiz został rozwiązany 1 683 razy
  • Średni wynik to 5 z 12
Statystyki odpowiedzi
Kraj % Poprawnych
Francja
59%
Rosja
59%
Szwecja
54%
Grecja
51%
Turcja
49%
Malezja
48%
Indonezja
45%
Słowacja
41%
Chorwacja
40%
Gruzja
39%
Tunezja
33%
Mikronezja
23%
Nie znaleziono quizów pasujących do podanych kryteriów
Rozkład punktacji
Procent ludzi z każdym wynikiem
Percentyl według liczby udzielonych odpowiedzi
Twoja historia wyników
Nie rozwiązałeś tego quizu